REGULATION OF PHARMACEUTICAL IN DEVELOPING COUNTRIES (Record no. 6107)

MARC details
000 -LEADER
fixed length control field 00372nam a22001457a 4500
005 - DATE AND TIME OF LATEST TRANSACTION
control field 20210827104459.0
008 - FIXED-LENGTH DATA ELEMENTS--GENERAL INFORMATION
fixed length control field 200316b xxu||||| |||| 00| 0 eng d
041 ## - LANGUAGE CODE
Language code of text/sound track or separate title eng
082 ## - DEWEY DECIMAL CLASSIFICATION NUMBER
Classification number 342.442 330
100 ## - MAIN ENTRY--AUTHOR NAME
Personal name JAYASURIYA,D C
245 ## - TITLE STATEMENT
Title REGULATION OF PHARMACEUTICAL IN DEVELOPING COUNTRIES
260 ## - PUBLICATION, DISTRIBUTION, ETC. (IMPRINT)
Place of publication DELHI
Name of publisher CBS
Year of publication 1991
650 ## - SUBJECT ADDED ENTRY--TOPICAL TERM
Topical Term PHARMACY
942 ## - ADDED ENTRY ELEMENTS (KOHA)
Koha item type Books
Holdings
Lost status Damaged status Collection code Home library Current library Shelving location Date acquired Source of acquisition Cost, normal purchase price Full call number Accession Number Koha item type
    PHARMACY JRU Library JRU Library SHELF-17-C 16/03/2020 PURCHESS 250.00 342.442 330 23831 Books
    Reference JRU Library JRU Library SHELF -11-B 16/03/2020 PURCHESS 250.00 342.442 330 23832 Books